| 000 | 00609cam a2200217 a 4500 | ||
|---|---|---|---|
| 001 | 1426055 | ||
| 005 | 20180123041949.0 | ||
| 008 | 841205s1985 cau b 001 0 eng | ||
| 010 | _a 84047994 | ||
| 020 | _a087589626X (alk. paper) | ||
| 040 |
_aDLC _cDLC _dOCoLC _dDLC |
||
| 041 | _aeng | ||
| 080 | _a658.403 PEN | ||
| 082 | 0 | 0 |
_a658.403 PEN _219 |
| 100 | _a54 | ||
| 101 | _aLID | ||
| 245 | 0 | 0 |
_aOrganizational strategy and change / _c[edited by] Johannes M. Pennings, and associates. |
| 504 | _aBibliography: p. 495-538. | ||
| 906 |
_a7 _bcbc _corignew _d1 _eocip _f19 _gy-gencatlg |
||
| 942 |
_2ddc _cBK |
||
| 999 |
_c40735 _d40735 |
||